Travel dictionary : bahasa Korea

Bibliographic Details
Format: Book
Published: KL : Synergy Media , [s.n]
Subjects:

MARC

LEADER 00000cam a2200000 7i4500
001 0000040477
005 20140420.0
008 140420
020 |a 9674441159 
090 0 0 |a 443   |b TRA 
245 1 0 |a Travel dictionary :   |b bahasa Korea 
260 |a KL :   |b Synergy Media ,   |c [s.n] 
650 0 |a Dictionary   |x Travel guide 
999 |a 0001270879   |b Book   |c Adult Collection   |e Cawangan Segamat 
999 |a 0001271088   |b Book   |c Adult Collection   |e Cawangan Tmn. Ungku Tun Aminah 
999 |a 0001271092   |b Book   |c Adult Collection   |e Cawangan Bandar Penawar 
999 |a 0001271097   |b Book   |c Adult Collection   |e Cawangan Mersing 
999 |a 0001271099   |b Book   |c Adult Collection   |e Cawangan AEON Kulaijaya 
999 |a 0001279437   |b Book   |c Adult Collection   |e Perbadanan Perpustakaan Awam Johor 
999 |a 0001279438   |b Book   |c Adult Collection   |e Perbadanan Perpustakaan Awam Johor 
999 |a 0001279439   |b Book   |c Adult Collection   |e Perbadanan Perpustakaan Awam Johor